| 000 | 01477cam a2200385 i 4500 | ||
|---|---|---|---|
| 001 | 20435374 | ||
| 003 | NUST340 | ||
| 005 | 20211027115446.0 | ||
| 008 | 180406s2017 enk b 001 0 eng | ||
| 010 | _a 2017478445 | ||
| 020 | _a9781316621172 (paperback) | ||
| 038 | _aAzhar | ||
| 040 |
_aDLC _beng _erda _cDLC |
||
| 042 | _apcc | ||
| 050 | 0 | 0 |
_aK230.R378 _bA35 2017 |
| 082 | _a340 | ||
| 100 | 1 |
_aRatnapala, Suri, _d1947- _eauthor. _983428 |
|
| 245 | 1 | 0 |
_aJurisprudence / _cSuri Ratnapala. |
| 250 | _aThird edition. | ||
| 260 |
_aUnited Kingdom _bCambridge University Press, _c2017. |
||
| 264 | 1 |
_aCambridge, United Kingdom : _bCambridge University Press, _c2017. |
|
| 300 |
_ax, 461 pages ; _c24 cm |
||
| 336 |
_atext _btxt _2rdacontent |
||
| 337 |
_aunmediated _bn _2rdamedia |
||
| 338 |
_avolume _bnc _2rdacarrier |
||
| 500 | _aSuri Ratnapala is affiliated with University of Queensland. | ||
| 504 | _aIncludes bibliographical references (pages 435-447) and index. | ||
| 505 | 0 | _aLaw as it is -- Law and morality -- Social dimensions of law -- Rights and justice. | |
| 563 | _aP.B | ||
| 650 | 0 |
_aJurisprudence. _935222 |
|
| 775 | 0 | 8 |
_iRevision of: _aRatnapala, Suri, 1947- . _tJurisprudence. _bSecond edition. _dPort Melbourne, Vic, Australia : Cambridge University Press, [2013] _w(DLC) 2013362287. _z9781107612570. |
| 906 |
_a0 _bibc _corigcop _d2 _encip _f20 _gy-gencatlg |
||
| 942 |
_2ddc _cBK |
||
| 999 |
_c586592 _d586592 |
||